Villes françaises - Décodeur - Statistiques

Statistiques générales
  • Ce quiz a été pris 24 490 fois
  • Le résultat moyen est 8 sur 16
Statistiques - réponses
Lettre Indice Réponse % Correct
T La ville rose Toulouse
95%
D La ville de la moutarde Dijon
91%
O Jeanne d'Arc en est la pucelle Orléans
78%
R Lieu de sacre de nombreux rois Reims
66%
N Le Château des Ducs de Bretagne y est situé Nantes
65%
R Île de Saint Denis et de Saint Paul La Réunion
54%
N Capitale de la Nouvelle-Calédonie Nouméa
54%
T Principale base navale française en métropole Toulon
52%
S Départ du Vendée Globe Les Sables d'Olonne
41%
E Département de Chartres Eure-et-Loir
35%
E Ville d'origine des Spinaliens Épinal
34%
E Préfecture de l'Eure Évreux
34%
B Le plus petit aéroport d'Île-de-France Le Bourget
34%
E Dans la banlieue de Grenoble, ville de naissance de Calogero Échirolles
27%
R Célèbre pour sa piscine et son vélodrome Roubaix
21%
Tonnerre de Brest
21%
Aucun quiz correspondant
Distribution des résultats
% des personnes avec chaque résultat
Percentile par nombre de réponses
Votre historique - résultats
Vous n’avez pas pris ce quiz